| 000 | 00386nam a2200157Ia 4500 | ||
|---|---|---|---|
| 008 | 230917s9999||||xx |||||||||||||| ||und|| | ||
| 040 |
_e140346 _aMAIN |
||
| 041 | _aEnglish | ||
| 082 | _a340.1 P274T | ||
| 100 | _aPaton, G.W. | ||
| 245 | 0 | _aTextbook of jurisprudence | |
| 250 | _a3rd ed. | ||
| 260 |
_aDelhi _bOxford University Press _c2007 |
||
| 300 | _axvii, 659 p. | ||
| 942 | _cBK | ||
| 999 |
_c140337 _d140337 |
||